Railway reform & charges for the use of infrastructure

Gespeichert in:
Bibliographische Detailangaben
Körperschaft: OECD Publishing
Format: Buch
Sprache:Englisch
Veröffentlicht: Paris ECMT 2005
Schlagworte:
Tags: Tag hinzufügen
Keine Tags, Fügen Sie das erste Tag hinzu!

MARC

LEADER 00000nam$a2200000$$$4500
001 0040518
005 20221221130531.6
020 |a 92-821-0351-X 
041 0 |a eng 
044 |a FR 
245 1 0 |a Railway reform & charges for the use of infrastructure 
264 1 |a Paris  |b ECMT  |c 2005 
300 |a 130 s. 
610 2 0 |a doprava železničná 
610 2 0 |a železnice 
610 2 0 |a infraštruktúra 
610 2 0 |a reformy 
610 2 0 |a regulácia 
610 2 0 |a konkurzy 
610 2 0 |a súťaž hospodárska 
710 2 |a OECD Publishing